International Contacts and Cooperation in Heritage Preservation in Soviet Estonia, 1960-1990
| Titel: | International Contacts and Cooperation in Heritage Preservation in Soviet Estonia, 1960-1990 / Karin Hallas-Murula und Kaarel Truu |
|---|---|
| Verfasser: | |
| Beteiligt: | |
| In: |
Heritage under socialism, (2022), Seite 105-124 alle Artikel anzeigen |
| Veröffentlicht: | 2022 |
| Format: | Aufsatz |
| Sprache: | Englisch |
X
alg: 54262888 001A $03025:05-03-26 001B $03025:05-03-26 $t12:57:47.000 001D $03025:05-03-26 001U $0utf8 001X $00 002@ $0Aou 002C $aText $btxt $2rdacontent 002D $aohne Hilfsmittel zu benutzen $bn $2rdamedia 002E $aBand $bnc $2rdacarrier 003@ $0542628880 010@ $aeng 010E $erda 011@ $a2022 021A $aInternational Contacts and Cooperation in Heritage Preservation in Soviet Estonia, 1960-1990 $hKarin Hallas-Murula und Kaarel Truu 028A $BVerfasser $#Murula, Karin Hallas- $#Hallas, Karin $4aut $7131896016 $8Hallas-Murula, Karin$Z1957- [Tp1] $917996240X 028C $aTruu $dKaarel 031A $h105-124 $j2022 039B $aEnthalten in $8--Aau--. Heritage under socialism. - New York : Berghahn Books, 2022. - x, 244 Seiten. - Illustrationen. - ISBN 978-1-80073-227-8 $x202200000000000895 $9485926466 044K $RGouvernement Estland $REstnische Sozialistische Sowjetrepublik $#Estland $#Estland $#Estland $#Estland (vor 1940) $#Republik Estland $#Estnische Republik $#Eesti $#Eesti Vabariik $#EV $#Estonia $#Republic of Estonia $#Estonie $#Ėstonskaja Respublika $74015587-0 $8Estland [Tg1] $9085035777 044K $RRestaurator $RKonservatorin $74345132-9 $8Konservator [Ts1] $9088185370 044K $RAußenbeziehungen $#Auslandskontakt $#Auswärtige Beziehungen $#Auslandsbeziehung $74272415-6 $8Auslandsbeziehungen [Ts1] $9086460056 045F $a709.47980904 $eDDC23BSB 045F/01 $a709 045F/03 $f0904 045F/03 $g4798 045F/03 $g4708 045R $aGeschichte 1960-1990 lok: 54262888 78 exp: 54262888 78 1 #EPN 201B/01 $005-03-26 $t12:57:09.000 201C/01 $005-03-26 201U/01 $0utf8 203@/01 $01336170565 208@/01 $a05-03-26 $be 209A/01 $a/ $f000 $x00 209A/01 $ab*p $x01 209S/01 $uhttps://doi.org/10.1515/9781800732285-007 $XVolltext 220C/01 $apgar 244Z/01 $#Estland $#Estland $#Estland $#Estland (vor 1940) $#Republik Estland $#Estnische Republik $#Eesti $#Eesti Vabariik $#EV $#Estonia $#Republic of Estonia $#Estonie $#Ėstonskaja Respublika $74015587-0 $8--Tg1--Estland $x13 $9085035777 244Z/01 $#Electronic publications $#Publications électroniques $#Elektronische Publikation $#Elektronische Publikation $#Computerdatei Formschlagwort $#Datei Formschlagwort $#Elektronisches Dokument $#Magnetband Formschlagwort $#Magnetbandkassette Formschlagwort $#Elektronische Ressource $#Digitale Publikation $74514269-5 $8--Ts1--Elektronische Publikation $x21 $9089274407 247C/01 $82080>Marburg/Lahn, Herder-Institut, Forschungsbibliothek, Bibliographieportal $9336309341
| LEADER | 00000naa a2200000 c 4500 | ||
|---|---|---|---|
| 001 | 542628880 | ||
| 003 | DE-603 | ||
| 005 | 20260305125747.0 | ||
| 007 | tu | ||
| 008 | 260305s2022 xx |||| | u00||u|eng c | ||
| 035 | |a (DE-599)HEB542628880 | ||
| 040 | |a DE-603 |b ger |c DE-603 |d DE-603 |e rda | ||
| 041 | |a eng | ||
| 082 | 0 | 4 | |8 1\u |a 709.47980904 |q DE-101 |2 23/BSB |
| 085 | |8 1\u |b 709 | ||
| 085 | |8 1\u |z 1 |s 0904 | ||
| 085 | |8 1\u |z 2 |s 4798 | ||
| 085 | |8 1\u |z 2 |s 4708 | ||
| 100 | 1 | |a Hallas-Murula, Karin |d 1957- |e Verfasser |4 aut |0 (DE-603)17996240X |0 (DE-588)131896016 |2 gnd | |
| 245 | 0 | 0 | |a International Contacts and Cooperation in Heritage Preservation in Soviet Estonia, 1960-1990 |c Karin Hallas-Murula und Kaarel Truu |
| 264 | 0 | |c 2022 | |
| 336 | |a Text |b txt |2 rdacontent | ||
| 337 | |a ohne Hilfsmittel zu benutzen |b n |2 rdamedia | ||
| 338 | |a Band |b nc |2 rdacarrier | ||
| 648 | 7 | |a Geschichte 1960-1990 |2 gnd | |
| 650 | 7 | |a Konservator |0 (DE-588)4345132-9 |0 (DE-603)088185370 |2 gnd | |
| 650 | 7 | |a Auslandsbeziehungen |0 (DE-588)4272415-6 |0 (DE-603)086460056 |2 gnd | |
| 651 | 7 | |a Estland |0 (DE-588)4015587-0 |0 (DE-603)085035777 |2 gnd | |
| 700 | 1 | |a Truu, Kaarel | |
| 773 | 0 | 8 | |i Enthalten in |t Heritage under socialism |d New York : Berghahn Books, 2022 |h x, 244 Seiten, Illustrationen |z 9781800732278 |z 1800732279 |g (2022), Seite 105-124 |w (DE-603)485926466 |
| 924 | 0 | |9 2080 |a (DE-603)1336170565 |b DE-2080 |c HES |d d |g / |k https://doi.org/10.1515/9781800732285-007 | |


